| 000 | 00538nam a22001937a 4500 | ||
|---|---|---|---|
| 003 | OSt | ||
| 005 | 20140310182439.0 | ||
| 008 | 130311t xxu||||| |||| 00| 0 eng d | ||
| 020 | _a9780702033889 | ||
| 050 |
_aRS 160 _b.H469 2012 |
||
| 245 |
_aFundamentals of pharmacognosy and phytotherapy _cMichael Heinrich ...[et al.] |
||
| 250 | _a2nd ed. | ||
| 260 |
_aEdinburgh : _bChurchhill Livingstone, _cc2004. |
||
| 300 |
_a326 p. : _c25 cm. _bill. ; |
||
| 942 |
_2lcc _cSSLC |
||
| 999 |
_c13498 _d13498 |
||